000 01658aam a2200445 a 4500
001 000574198
003 AR-BaBN
005 20251008174750.0
007 ta
008 090908s2004 ag gr 000 f spa
015 _aAR-2004
020 _a9500300338
040 _aAR-BaBN
_bspa
_cAR-BeUNQ
_eaacr
044 _aag
_car-c
082 _221
_aA863 GUI
100 1 _aGüiraldes, Ricardo.
_d1886-1927
_eautor
_4aut
245 1 0 _aDon Segundo Sombra :
_bVersion Completa.
_cRicardo Güiraldes ; introducción Silvina Beatriz Marsimiann.
_hLibro.
250 _a1a ed.
260 _aBuenos Aires :
_bLongseller,
_c2010.
300 _a300 p. ;
_c18 cm.
490 1 _aCàsicos de Siempre : Relatos y Novelas.
_v45.
500 _aVocabulario: p. 259-268.
504 _aBibliografía de la introducción: p. 27-28.
655 4 _aNovela gauchesca
700 1 _aMarsimiann, Silvina Beatriz
_eprologuista
_4prol.
830 0 _aClàsicos de Siempre : Relatos y Niovelas
_v49
929 _aDONACION
_bMinisterios de Educaciòn de la Naciòn
_c0
_d0
_e2017
_fPAT 0083741
_j63569
930 1 _lBNA01
_mLIBRO
_600873771
_820110912
_f20
_s02
_n000
_o000574198
942 _2ddc
_n0
_cLIB
956 _aGSL
_b00
_c20110915
_lBNA01
_h2329
956 _aGSL
_c20130614
_lBNA01
_h1809
956 _aKRODRIGUEZ
_b20
_c20131213
_lBNA01
_h0940
956 _aCATAU
_b20
_c20140903
_lBNA01
_h1522
956 _aPLEMOS
_b20
_c20160309
_lBNA01
_h1526
956 _aRMONTUORI
_b20
_c20181220
_lBNA01
_h2055
956 _aRMONTUORI
_b20
_c20181226
_lBNA01
_h1648
956 _aSPOWAZNIAK
_b20
_c20250306
_lBNA01
_h1521
956 _aSPOWAZNIAK
_b20
_c20250311
_lBNA01
_h1014
999 _c1391
_d1391